All Territories/Dependencies Flag Quiz! - Statistics

General Stats
  • This quiz has been taken 121 times
  • The average score is 23 of 34
Answer Stats
Picture Answer % Correct
American Samoa
95%
Aruba
88%
Bermuda
84%
Greenland
84%
Guam
83%
Anguilla
80%
Christmas Island
80%
Isle of Man
80%
Cook Islands
79%
Gibraltar
79%
Hong Kong
79%
Jersey
78%
British Virgin Islands
76%
French Polynesia
76%
Mayotte
74%
Puerto Rico
74%
Falkland Islands
73%
French Guiana
73%
Guernsey
73%
British Indian Ocean Territory
70%
Cocos Islands
68%
Niue
66%
Wake Island
66%
New Caledonia
65%
Cayman Islands
64%
Norfolk Island
64%
Northern Mariana Islands
59%
Tokelau
59%
Pitcairn Islands
56%
Macao
55%
Virgin Islands
46%
Martinique
38%
Guadeloupe
36%
Netherlands Antilles
15%
No matching quizzes found
Score Distribution
Percent of People with Each Score
Percentile by Number Answered
Your Score History
You have not taken this quiz